Maloobchod SR v kontexte etablovania zahraničných obchodných reťazcov

Približne pred desiatimi rokmi začali prenikať na stredo a východoeurópsky trh medzinárodné maloobchodné firmy priťahované víziou desiatok miliónov potenciálnych zákazníkov. Aj na Slovensku sa prejavuje kvantitatívny nárast maloobchodnej siete, ale aj kvalitatívny rast. Celkový obrat TOP 10 na Slove...

Ausführliche Beschreibung

Gespeichert in:
Bibliographische Detailangaben
1. Verfasser: Lieskovská, Vanda, 1961-
Format: Buchkapitel
Sprache:Slowakisch
Schlagworte:
Tags: Tag hinzufügen
Keine Tags, Fügen Sie das erste Tag hinzu!

MARC

LEADER 00000naa$a2200000$$$4500
001 0035014
005 20240502083124.0
041 0 |a slo 
044 |a CZ 
245 1 0 |a Maloobchod SR v kontexte etablovania zahraničných obchodných reťazcov  |c Vanda Lieskovská 
520 |a Približne pred desiatimi rokmi začali prenikať na stredo a východoeurópsky trh medzinárodné maloobchodné firmy priťahované víziou desiatok miliónov potenciálnych zákazníkov. Aj na Slovensku sa prejavuje kvantitatívny nárast maloobchodnej siete, ale aj kvalitatívny rast. Celkový obrat TOP 10 na Slovensku za posledných 6 rokov. Spotrebiteľské správanie na maloobchodnom trhu. Spotrebiteľské správanie pri výbere nákupného miesta vo Východoslovenskom regióne - výsledky výskumu. 
610 2 0 |a maloobchod 
610 2 0 |a Slovensko 
610 2 0 |a reťazce obchodné 
610 2 0 |a správanie spotrebiteľa 
100 1 |a Lieskovská, Vanda, 1961-